000 00305 a2200145 4500
001 194919
040 _cMagnum
100 _aDUARTE, Mel
240 1 0 _aA descoberta do Adriel
_lpor
245 1 0 _aA descoberta do Adriel
300 _a15
362 0 _a2020
697 _aLITERATURA INFANTIL
942 _cBK
999 _c194919
_d194919